[Event "Moscow Aeroflot op-A"]
[Site "Moscow"]
[Date "2025.03.05"]
[Round "7"]
[White "Skvortsov, Andrei"]
[Black "Sviridov, Valery"]
[Result "1-0"]
[WhiteElo "2321"]
[BlackElo "2505"]
[PlyCount "73"]
[EventDate "2025.03.01"]
[EventType "swiss"]
[EventRounds "9"]
[EventCountry "RUS"]
[SourceTitle "CB11_2025"]
[SourceDate "2025.03.12"]
[SourceVersion "1"]
[SourceVersionDate "2025.03.12"]
[SourceQuality "1"]

1. e4 c5 2. d4 cxd4 3. Qxd4 Nc6 4. Qd3 e6 5. Nc3 a6 6. Bf4 b5 7. Nf3 Bb7 8. Be2 Nf6 9. 0-0 Rc8 10. e5 Nb4 11. Qd2 Nfd5 12. Nxd5 Nxd5 13. Bg3 Be7 14. c3 Nb6 15. Rad1 0-0 16. Qc2 Bd5 17. Nd2 Qc7 18. Rfe1 Qc6 19. Bd3 Bxg2 20. Bxh7+ Kh8 21. Be4 Bxe4 22. Nxe4 Nd5 23. Rd4 g6 24. Qd2 Kg7 25. Rd1 Rh8 26. b3 Rh5 27. c4 Nb6 28. Nf6 Bxf6 29. exf6+ Kg8 30. Rd6 Qb7 31. Qe3 Rcc5 32. Qd4 bxc4 33. Rxb6 Qxb6 34. Qxd7 Rhd5 35. Qe8+ Kh7 36. Rxd5 Rxd5 37. Qf8 1-0

[Event "Moscow Aeroflot op-A"]
[Site "Moscow"]
[Date "2025.03.03"]
[Round "5"]
[White "Poormosavi, Seyed Kian"]
[Black "Sviridov, Valery"]
[Result "1/2-1/2"]
[WhiteElo "2363"]
[BlackElo "2505"]
[PlyCount "102"]
[EventDate "2025.03.01"]
[EventType "swiss"]
[EventRounds "9"]
[EventCountry "RUS"]
[SourceTitle "CB11_2025"]
[SourceDate "2025.03.12"]
[SourceVersion "1"]
[SourceVersionDate "2025.03.12"]
[SourceQuality "1"]

1. e4 e5 2. Nf3 Nc6 3. Nc3 Nf6 4. d4 exd4 5. Nxd4 Bb4 6. Nxc6 bxc6 7. Bd3 d5 8. exd5 0-0 9. 0-0 cxd5 10. Qf3 c6 11. Bg5 Be7 12. h3 h6 13. Bf4 Be6 14. Rad1 Bd6 15. Ne2 Re8 16. b3 Bf8 17. Bc1 c5 18. Nf4 Bd6 19. Bb5 Re7 20. Bb2 d4 21. Nxe6 fxe6 22. c3 e5 23. Qf5 Qc8 24. Qg6 Rb8 25. Bc4+ Kh8 26. f4 e4 27. cxd4 cxd4 28. Bxd4 Bc5 29. Kh1 Bxd4 30. Rxd4 Rd7 31. Rxd7 Qxd7 32. Qg3 Qd2 33. a4 e3 34. Re1 Re8 35. Re2 Qd4 36. Qf3 Ne4 37. Qxe3 Qxe3 38. Rxe3 Nf2+ 39. Kg1 Rxe3 40. Kxf2 Re7 41. f5 Kh7 42. Kf3 g6 43. f6 Re5 44. g4 g5 45. f7 Kg7 46. Kf2 Kf8 47. Kf3 Ke7 48. Kf2 Re4 49. Kf3 Rf4+ 50. Kg3 Kd6 51. Kg2 Ke7 1/2-1/2

[Event "Moscow Aeroflot op-A"]
[Site "Moscow"]
[Date "2025.03.03"]
[Round "4"]
[White "Sviridov, Valery"]
[Black "Belyakov, Bogdan"]
[Result "0-1"]
[WhiteElo "2505"]
[BlackElo "2372"]
[PlyCount "80"]
[EventDate "2025.03.01"]
[EventType "swiss"]
[EventRounds "9"]
[EventCountry "RUS"]
[SourceTitle "CB11_2025"]
[SourceDate "2025.03.12"]
[SourceVersion "1"]
[SourceVersionDate "2025.03.12"]
[SourceQuality "1"]

1. e4 c5 2. Nf3 e6 3. c4 Nc6 4. Nc3 Nf6 5. b3 d5 6. exd5 exd5 7. cxd5 Nxd5 8. Nxd5 Qxd5 9. Bc4 Qe4+ 10. Qe2 Qxe2+ 11. Kxe2 Be7 12. Bb2 0-0 13. Rhe1 Na5 14. Bd3 Be6 15. Ne5 Bf6 16. Bc3 Bxe5 17. Bxe5 c4 18. Bxc4 Bxc4+ 19. bxc4 Nxc4 20. Bc3 Rad8 21. d4 Rd7 22. a4 Nb6 23. Ra2 Nd5 24. Bd2 Re8+ 25. Kd1 Red8 26. Re5 f6 27. Re4 Kf7 28. g4 Ne7 29. Bc3 Rc8 30. Ba1 Rdc7 31. Kd2 Rc1 32. Re3 Nd5 33. Rb3 b6 34. a5 Ke6 35. axb6 axb6 36. f4 Rh1 37. f5+ Kd6 38. Rh3 Rcc1 39. Rha3 Rb1 40. h3 Rh2+ 0-1

[Event "Moscow Aeroflot op-A"]
[Site "Moscow"]
[Date "2025.03.02"]
[Round "2"]
[White "Sviridov, Valery"]
[Black "Volkov, Maksim"]
[Result "0-1"]
[WhiteElo "2505"]
[BlackElo "2325"]
[PlyCount "98"]
[EventDate "2025.03.01"]
[EventType "swiss"]
[EventRounds "9"]
[EventCountry "RUS"]
[SourceTitle "CB11_2025"]
[SourceDate "2025.03.12"]
[SourceVersion "1"]
[SourceVersionDate "2025.03.12"]
[SourceQuality "1"]

1. c4 Nf6 2. Nf3 e6 3. g3 d5 4. Bg2 dxc4 5. Qa4+ Nbd7 6. Qxc4 a6 7. Qc2 c5 8. Nc3 Qc7 9. d4 b6 10. d5 Nxd5 11. Nxd5 exd5 12. e4 Bd6 13. exd5 0-0 14. 0-0 Nf6 15. b3 Bg4 16. Bb2 Bxf3 17. Bxf3 Nd7 18. Be4 h6 19. f4 Rad8 20. Qc3 Nf6 21. Rae1 Be7 22. g4 Ne8 23. g5 f5 24. Bd3 b5 25. a4 bxa4 26. Bc4 Kh7 27. bxa4 Rb8 28. Bxa6 c4 29. Bb5 Bc5+ 30. Kg2 Nd6 31. Ba1 Ne4 32. Qc2 Qf7 33. Qxc4 Rfc8 34. Qd3 Rd8 35. Bc6 Qg6 36. Qh3 Rb6 37. Re2 Kg8 38. Be5 hxg5 39. fxg5 Qxg5+ 40. Kh1 Rf8 41. Qg2 Qh6 42. Rc2 Rb4 43. a5 f4 44. Rxc5 f3 45. Qc2 f2 46. Rc3 Nd2 47. Rg3 Nxf1 48. Rxg7+ Qxg7 49. Bxg7 Ng3+ 0-1

[Event "Pavlodar op-A"]
[Site "Pavlodar"]
[Date "2023.10.31"]
[Round "10"]
[White "Demchenko, Anton"]
[Black "Sviridov, Valery"]
[Result "1-0"]
[WhiteElo "2608"]
[BlackElo "2526"]
[PlyCount "53"]
[EventDate "2023.10.22"]
[EventType "swiss"]
[EventRounds "10"]
[EventCountry "KAZ"]
[SourceTitle "EXT 2025"]
[Source "ChessBase"]
[SourceDate "2024.10.14"]
[SourceVersion "1"]
[SourceVersionDate "2024.10.14"]
[SourceQuality "1"]

1. e4 g6 2. d4 Bg7 3. Nc3 d6 4. f4 Nf6 5. Nf3 0-0 6. Bd3 Nc6 7. e5 dxe5 8. dxe5 Nd5 9. Bd2 f6 10. Qe2 Kh8 11. Be4 Be6 12. 0-0-0 Nxc3 13. Bxc3 Qe8 14. Rhe1 Bg8 15. e6 Rd8 16. Rxd8 Nxd8 17. f5 gxf5 18. Bxf5 Qa4 19. Kb1 Nc6 20. g4 Rd8 21. b3 Qf4 22. Qg2 Rd5 23. Nh4 Qd6 24. Ng6+ hxg6 25. Qh3+ Bh7 26. Bxg6 Kg8 27. Qxh7+ 1-0

[Event "Pavlodar op-A"]
[Site "Pavlodar"]
[Date "2023.10.25"]
[Round "5"]
[White "Utegaliev, Azamat"]
[Black "Sviridov, Valery"]
[Result "1-0"]
[WhiteElo "2439"]
[BlackElo "2526"]
[PlyCount "97"]
[EventDate "2023.10.22"]
[EventType "swiss"]
[EventRounds "10"]
[EventCountry "KAZ"]
[SourceTitle "EXT 2025"]
[Source "ChessBase"]
[SourceDate "2024.10.14"]
[SourceVersion "1"]
[SourceVersionDate "2024.10.14"]
[SourceQuality "1"]

1. c4 Nf6 2. Nf3 b6 3. b3 g6 4. Bb2 Bg7 5. g3 Bb7 6. Bg2 0-0 7. 0-0 c5 8. Nc3 Ne4 9. Na4 Bxb2 10. Nxb2 d5 11. cxd5 Bxd5 12. d3 Nf6 13. e4 Bb7 14. e5 Nd5 15. d4 Nc3 16. Qd2 cxd4 17. Rfe1 Nc6 18. Qh6 f6 19. Nd3 Rf7 20. Qd2 Nd5 21. Rac1 Rf8 22. Rc4 Qd7 23. Nxd4 Na5 24. Rcc1 Rac8 25. h4 Rxc1 26. Rxc1 Rc8 27. Rxc8+ Qxc8 28. Kh2 Nc7 29. Bxb7 Qxb7 30. Qf4 f5 31. Nxf5 gxf5 32. Qg5+ Kf7 33. Qxf5+ Ke8 34. Nf4 Nc6 35. Qh5+ Kd7 36. Qf5+ Ke8 37. Qxh7 Nd8 38. Qg6+ Kd7 39. Qd3+ Kc8 40. h5 Qc6 41. Qf5+ Kb7 42. Ng6 Nde6 43. Nxe7 Qc5 44. Ng6 Qc1 45. Nf4 Nxf4 46. Qxf4 Qd1 47. h6 Qh5+ 48. Kg2 Nd5 49. Qe4 1-0

[Event "Pavlodar op-A"]
[Site "Pavlodar"]
[Date "2023.10.24"]
[Round "4"]
[White "Sviridov, Valery"]
[Black "Makhnev, Denis"]
[Result "1/2-1/2"]
[WhiteElo "2526"]
[BlackElo "2466"]
[PlyCount "25"]
[EventDate "2023.10.22"]
[EventType "swiss"]
[EventRounds "10"]
[EventCountry "KAZ"]
[SourceTitle "EXT 2025"]
[Source "ChessBase"]
[SourceDate "2024.10.14"]
[SourceVersion "1"]
[SourceVersionDate "2024.10.14"]
[SourceQuality "1"]

1. e4 e5 2. Nf3 Nc6 3. Bb5 a6 4. Ba4 Nf6 5. 0-0 Be7 6. d4 0-0 7. dxe5 Nxe4 8. Qe2 Nc5 9. Bxc6 dxc6 10. Rd1 Qe8 11. Nd4 f5 12. Nd2 h6 13. N2f3 1/2-1/2

[Event "Titled Tuesday intern op 11th Jul Late"]
[Site "Chess.com INT"]
[Date "2023.07.11"]
[Round "1"]
[White "Novikov, Evgenij"]
[Black "Sviridov, Valery"]
[Result "0-1"]
[WhiteElo "2276"]
[BlackElo "2537"]
[PlyCount "54"]
[EventDate "2023.07.11"]
[EventType "swiss (blitz)"]
[EventRounds "11"]
[EventCountry "USA"]
[SourceTitle "EXT 2024"]
[Source "ChessBase"]
[SourceDate "2023.10.10"]
[SourceVersion "1"]
[SourceVersionDate "2023.10.10"]
[SourceQuality "1"]

1. d4 Nf6 2. c4 b6 3. Nc3 Bb7 4. Nf3 g6 5. d5 e6 6. e4 Bg7 7. Bd3 0-0 8. 0-0 Na6 9. Re1 Nc5 10. Bc2 a5 11. e5 Ne8 12. Bg5 f6 13. exf6 Bxf6 14. Be3 Nd6 15. Nd2 exd5 16. Nxd5 Bxd5 17. cxd5 Bxb2 18. Qg4 Bxa1 19. Rxa1 Qf6 20. Bd4 Qf4 21. Qxf4 Rxf4 22. Be5 Rf7 23. Bxd6 cxd6 24. Nc4 Rf6 25. Nxb6 Rb8 26. Nc4 Rb4 27. Ne3 Rb2 0-1

[Event "Titled Tuesday intern op 11th Jul Late"]
[Site "Chess.com INT"]
[Date "2023.07.11"]
[Round "7"]
[White "Sviridov, Valery"]
[Black "Gavrilin, Roman"]
[Result "1-0"]
[WhiteElo "2537"]
[BlackElo "2156"]
[PlyCount "75"]
[EventDate "2023.07.11"]
[EventType "swiss (blitz)"]
[EventRounds "11"]
[EventCountry "USA"]
[SourceTitle "EXT 2024"]
[Source "ChessBase"]
[SourceDate "2023.10.10"]
[SourceVersion "1"]
[SourceVersionDate "2023.10.10"]
[SourceQuality "1"]

1. d4 Nf6 2. Nc3 d5 3. Bf4 a6 4. e3 e6 5. Nf3 c5 6. a3 Nc6 7. Bd3 b5 8. 0-0 cxd4 9. exd4 Be7 10. Re1 0-0 11. Ne2 Bb7 12. c3 Rc8 13. Ng3 Bd6 14. Ne5 Ne7 15. h4 Ng6 16. Bg5 Be7 17. h5 Nxe5 18. dxe5 Nd7 19. Bxe7 Qxe7 20. Qg4 h6 21. Qf4 Nc5 22. Bc2 Rfd8 23. Ne2 Ne4 24. Nd4 Qg5 25. Qxg5 hxg5 26. f3 Ng3 27. a4 b4 28. h6 gxh6 29. Kf2 Nh5 30. Rh1 Nf4 31. Rxh6 bxc3 32. Rah1 Kf8 33. b3 Ke7 34. g3 Ng6 35. Bxg6 fxg6 36. Rh7+ Ke8 37. Rh8+ Kd7 38. R1h7# 1-0

[Event "Titled Tuesday intern op 11th Jul Late"]
[Site "Chess.com INT"]
[Date "2023.07.11"]
[Round "2"]
[White "Sviridov, Valery"]
[Black "Przybylski, Wojciech"]
[Result "1-0"]
[WhiteElo "2537"]
[BlackElo "2308"]
[PlyCount "57"]
[EventDate "2023.07.11"]
[EventType "swiss (blitz)"]
[EventRounds "11"]
[EventCountry "USA"]
[SourceTitle "EXT 2024"]
[Source "ChessBase"]
[SourceDate "2023.10.10"]
[SourceVersion "1"]
[SourceVersionDate "2023.10.10"]
[SourceQuality "1"]

1. d4 d5 2. Nc3 c6 3. Bf4 Nf6 4. e3 Bf5 5. Nf3 Nbd7 6. Bd3 e6 7. h3 Bb4 8. g4 Ne4 9. gxf5 Nxc3 10. Qd2 Qa5 11. a3 c5 12. 0-0 Ne4 13. axb4 Nxd2 14. Rxa5 Nxf3+ 15. Kg2 c4 16. Kxf3 cxd3 17. cxd3 b6 18. Ra6 exf5 19. Rfa1 Ke7 20. Rxa7 Rxa7 21. Rxa7 Rc8 22. Bc7 Ke6 23. b5 g5 24. Rb7 h5 25. b4 h4 26. Bxb6 Rc2 27. Bc5 Rc1 28. Rc7 Rg1 29. Rc6# 1-0

[Event "RUS-ch Higher League 76th"]
[Site "Novokuznetsk"]
[Date "2023.07.04"]
[Round "8"]
[White "Sviridov, Valery"]
[Black "Najer, Evgeniy"]
[Result "0-1"]
[WhiteElo "2550"]
[BlackElo "2646"]
[PlyCount "48"]
[EventDate "2023.06.26"]
[EventType "swiss"]
[EventRounds "9"]
[EventCountry "RUS"]
[SourceTitle "EXT 2024"]
[Source "ChessBase"]
[SourceDate "2023.10.10"]
[SourceVersion "1"]
[SourceVersionDate "2023.10.10"]
[SourceQuality "1"]

1. e4 c5 2. b3 g6 3. Bb2 Nf6 4. e5 Nd5 5. Nc3 Nxc3 6. Bxc3 Nc6 7. h4 Bg7 8. h5 Bxe5 9. Bxe5 Nxe5 10. f4 Nc6 11. hxg6 fxg6 12. Bd3 d5 13. Bxg6+ Kd7 14. Bd3 Kc7 15. Qh5 Rg8 16. Ne2 Rxg2 17. Nc3 d4 18. Nb5+ Kb6 19. Na3 Bg4 20. Nc4+ Kc7 21. Qxc5 Qg8 22. Ne5 Bh5 23. Rh3 Rg1+ 24. Bf1 Qg2 0-1

[Event "Titled Tuesday intern op 20th Jun Late"]
[Site "Chess.com INT"]
[Date "2023.06.20"]
[Round "2"]
[White "Mortazavi, Ali"]
[Black "Sviridov, Valery"]
[Result "0-1"]
[WhiteElo "2333"]
[BlackElo "2550"]
[PlyCount "76"]
[EventDate "2023.06.20"]
[EventType "swiss (blitz)"]
[EventRounds "11"]
[EventCountry "USA"]
[SourceTitle "EXT 2024"]
[Source "ChessBase"]
[SourceDate "2023.10.10"]
[SourceVersion "1"]
[SourceVersionDate "2023.10.10"]
[SourceQuality "1"]

1. Nf3 g6 2. e4 Bg7 3. d4 d6 4. Nc3 a6 5. Be3 b5 6. a4 b4 7. Ne2 Bb7 8. Ng3 Nf6 9. Bd3 Nbd7 10. h3 c5 11. c3 0-0 12. 0-0 a5 13. Qd2 e5 14. d5 Ba6 15. c4 Bc8 16. Nh2 h5 17. Bh6 h4 18. Ne2 Nh5 19. Ng4 Ndf6 20. Bxg7 Kxg7 21. Qh6+ Kg8 22. Nxf6+ Qxf6 23. f4 exf4 24. Kh1 Qxb2 25. Qg5 Qf6 26. Qxf6 Nxf6 27. Rxf4 Nd7 28. Rxh4 Ne5 29. Rd1 Ba6 30. Bb1 Bxc4 31. Ng3 Bb3 32. Rf1 Bxa4 33. Nf5 gxf5 34. exf5 f6 35. g4 Bb3 36. Rg1 Bxd5+ 37. Kh2 Nf3+ 38. Kg3 Nxg1 0-1

[Event "Titled Tuesday intern op 20th Jun Early"]
[Site "Chess.com INT"]
[Date "2023.06.20"]
[Round "1"]
[White "Sviridov, Valery"]
[Black "Bilan, Danila"]
[Result "1-0"]
[WhiteElo "2550"]
[BlackElo "2303"]
[PlyCount "87"]
[EventDate "2023.06.20"]
[EventType "swiss (blitz)"]
[EventRounds "11"]
[EventCountry "USA"]
[SourceTitle "EXT 2024"]
[Source "ChessBase"]
[SourceDate "2023.10.10"]
[SourceVersion "1"]
[SourceVersionDate "2023.10.10"]
[SourceQuality "1"]

1. d4 d5 2. Nf3 Nf6 3. c4 c6 4. Qc2 g6 5. Bf4 Bg7 6. e3 0-0 7. Nc3 Bf5 8. Qb3 b6 9. Rc1 Nh5 10. Bxb8 Rxb8 11. cxd5 cxd5 12. Qxd5 Nf6 13. Qxd8 Rfxd8 14. Ba6 Ne8 15. Nb5 Be4 16. Ke2 f6 17. Rhd1 e6 18. Nc7 Kf7 19. a4 Bf8 20. Nxe8 Rxe8 21. Rc7+ Re7 22. Rdc1 Rbe8 23. Bb5 Rd8 24. Rxe7+ Bxe7 25. Rc7 a5 26. Ne1 Kf8 27. f3 Bd5 28. Nd3 h5 29. h3 Kf7 30. Nf4 g5 31. Nxh5 Kg6 32. Rxe7 Kxh5 33. Rc7 Kg6 34. Bc6 Bb3 35. Bb5 Bd5 36. e4 Ba8 37. Ke3 f5 38. Rd7 Rc8 39. Rd6 Kf7 40. Rxb6 Rc1 41. Ra6 Bb7 42. Ra7 Rc7 43. Ba6 f4+ 44. Kd2 1-0

[Event "Titled Tuesday intern op 20th Jun Early"]
[Site "Chess.com INT"]
[Date "2023.06.20"]
[Round "4"]
[White "Sviridov, Valery"]
[Black "Morefield, Jason P"]
[Result "1-0"]
[WhiteElo "2550"]
[BlackElo "2167"]
[PlyCount "145"]
[EventDate "2023.06.20"]
[EventType "swiss (blitz)"]
[EventRounds "11"]
[EventCountry "USA"]
[SourceTitle "EXT 2024"]
[Source "ChessBase"]
[SourceDate "2023.10.10"]
[SourceVersion "1"]
[SourceVersionDate "2023.10.10"]
[SourceQuality "1"]

1. d4 Nf6 2. Nf3 d5 3. c4 c6 4. Qc2 dxc4 5. Qxc4 Bf5 6. g3 Nbd7 7. Bg2 e6 8. 0-0 Be7 9. Nc3 0-0 10. e3 Rc8 11. Qe2 c5 12. Rd1 Re8 13. h3 Bg6 14. Ne5 cxd4 15. exd4 Qb6 16. Nxg6 hxg6 17. Be3 Qb4 18. Qb5 Qxb5 19. Nxb5 a6 20. Nc3 a5 21. Bxb7 Rb8 22. Bc6 Rxb2 23. d5 exd5 24. Nxd5 Nxd5 25. Rxd5 Nf6 26. Rxa5 Rc8 27. Ba4 Bd6 28. Bb3 Rc7 29. Rd1 Be7 30. Ra8+ Kh7 31. Bxf7 Bc5 32. Bxc5 Rxf7 33. Bd4 Rc2 34. Be3 Ne4 35. Rdd8 g5 36. Rf8 Rxf8 37. Rxf8 Rxa2 38. Re8 Ra4 39. Re5 Kg6 40. Rb5 Rc4 41. Kg2 Rc2 42. Kf3 Rc4 43. Re5 Nf6 44. Rxg5+ Kf7 45. Rb5 Ra4 46. g4 Rc4 47. Rb7+ Kg6 48. Rb6 Kf7 49. Ra6 Rb4 50. Ra5 Rc4 51. Kg2 Kg6 52. Rg5+ Kf7 53. Rf5 Ke6 54. Rf4 Rc2 55. Ra4 Nd5 56. Kf3 Kf7 57. h4 Rc3 58. h5 Nf6 59. Ra7+ Kg8 60. Ra4 Rc6 61. Rb4 Nd5 62. Rd4 Ne7 63. Re4 Rf6+ 64. Kg2 Nd5 65. Bd4 Rc6 66. Kg3 Nc7 67. f3 Ne6 68. Be3 Kf7 69. h6 gxh6 70. Bxh6 Nc5 71. Rc4 Ke6 72. Be3 Ne4+ 73. Rxe4+ 1-0

[Event "Titled Tuesday intern op 20th Jun Late"]
[Site "Chess.com INT"]
[Date "2023.06.20"]
[Round "1"]
[White "Sviridov, Valery"]
[Black "Myradow, Soltan"]
[Result "1-0"]
[WhiteElo "2550"]
[BlackElo "2233"]
[PlyCount "91"]
[EventDate "2023.06.20"]
[EventType "swiss (blitz)"]
[EventRounds "11"]
[EventCountry "USA"]
[SourceTitle "EXT 2024"]
[Source "ChessBase"]
[SourceDate "2023.10.10"]
[SourceVersion "1"]
[SourceVersionDate "2023.10.10"]
[SourceQuality "1"]

1. d4 Nf6 2. Nf3 g6 3. c4 Bg7 4. g3 0-0 5. Bg2 d6 6. 0-0 Nc6 7. Nc3 e5 8. dxe5 dxe5 9. Bg5 Be6 10. Qa4 h6 11. Rfd1 Qe7 12. Bxf6 Bxf6 13. Nd2 Nd4 14. e3 Nc6 15. Nd5 Bxd5 16. cxd5 Nd8 17. Rac1 c6 18. dxc6 Nxc6 19. Bxc6 bxc6 20. Qxc6 Rab8 21. b3 Bg7 22. Qc7 Qa3 23. Qc2 h5 24. Nc4 Qa6 25. Rd6 Qb7 26. h4 Rbc8 27. Rcd1 Qf3 28. R1d2 Rfe8 29. Qd1 Qf5 30. Kg2 e4 31. R2d5 Be5 32. Rd7 Qf6 33. Rxa7 Rcd8 34. Nxe5 Rxd5 35. Qxd5 Rxe5 36. Rxf7 Qxf2+ 37. Rxf2+ Rxd5 38. Rb2 Kf7 39. b4 Rd3 40. Kf2 Ke6 41. b5 Kd7 42. a4 Ra3 43. Rb4 Ra2+ 44. Kg1 Ra1+ 45. Kg2 Ra2+ 46. Kh3 1-0

[Event "Titled Tuesday intern op 20th Jun Early"]
[Site "Chess.com INT"]
[Date "2023.06.20"]
[Round "6"]
[White "Sviridov, Valery"]
[Black "Tristan, Leonardo"]
[Result "1-0"]
[WhiteElo "2550"]
[BlackElo "2526"]
[PlyCount "99"]
[EventDate "2023.06.20"]
[EventType "swiss (blitz)"]
[EventRounds "11"]
[EventCountry "USA"]
[SourceTitle "EXT 2024"]
[Source "ChessBase"]
[SourceDate "2023.10.10"]
[SourceVersion "1"]
[SourceVersionDate "2023.10.10"]
[SourceQuality "1"]

1. d4 d5 2. Nf3 Nf6 3. c4 e6 4. g3 Be7 5. Bg2 0-0 6. 0-0 dxc4 7. Qa4 a6 8. Qxc4 b5 9. Qc2 Bb7 10. Bd2 Be4 11. Qc1 c6 12. Rd1 Nbd7 13. Nc3 Bg6 14. Nh4 Rc8 15. Nxg6 hxg6 16. e4 c5 17. d5 exd5 18. exd5 c4 19. Bf4 Bc5 20. d6 Qb6 21. Qd2 Rfe8 22. Bh3 Rcd8 23. Re1 Rxe1+ 24. Rxe1 Nb8 25. Rd1 Nc6 26. a4 Nd4 27. Bg2 b4 28. Nd5 Nxd5 29. Bxd5 c3 30. Qd3 c2 31. Rc1 Rxd6 32. Bxd6 Qxd6 33. Bb3 Nxb3 34. Qxb3 Bxf2+ 35. Kf1 Qf6 36. Rxc2 Bxg3+ 37. Kg2 Bd6 38. Rc8+ Bf8 39. Rc2 Qg5+ 40. Qg3 Qd5+ 41. Qf3 Qa2 42. Rf2 f5 43. b3 Qb1 44. Qd5+ Kh7 45. h4 Qe1 46. h5 Qe8 47. Kf1 gxh5 48. Qxf5+ Qg6 49. Qxg6+ Kxg6 50. Rxf8 1-0

[Event "Titled Tuesday intern op 20th Jun Late"]
[Site "Chess.com INT"]
[Date "2023.06.20"]
[Round "7"]
[White "Tsaruk, Maksim"]
[Black "Sviridov, Valery"]
[Result "1-0"]
[WhiteElo "2393"]
[BlackElo "2550"]
[PlyCount "137"]
[EventDate "2023.06.20"]
[EventType "swiss (blitz)"]
[EventRounds "11"]
[EventCountry "USA"]
[SourceTitle "EXT 2024"]
[Source "ChessBase"]
[SourceDate "2023.10.10"]
[SourceVersion "1"]
[SourceVersionDate "2023.10.10"]
[SourceQuality "1"]

1. e4 Nf6 2. e5 Nd5 3. d4 d6 4. Nf3 dxe5 5. Nxe5 c6 6. Bc4 Nd7 7. Nf3 N7f6 8. h3 Bf5 9. 0-0 e6 10. c3 h6 11. Re1 Be7 12. a4 0-0 13. Nbd2 Qc7 14. Nf1 Rad8 15. Ng3 Bh7 16. Bd3 Bxd3 17. Qxd3 c5 18. Qc4 Rc8 19. a5 Rfd8 20. Ne4 Nxe4 21. Rxe4 Qb8 22. dxc5 Bxc5 23. Qf1 Qc7 24. Ne5 a6 25. Raa4 Nf6 26. Re1 Bd6 27. Bf4 Qe7 28. Bg3 Bc5 29. Bh4 Rd2 30. Nc4 Rd5 31. Nb6 Bxb6 32. axb6 Qd7 33. Rc4 Ne8 34. Bg3 Rc6 35. Rb4 Qd8 36. Be5 Rxb6 37. Rg4 f6 38. Bd4 Rbd6 39. Be3 Kh8 40. Kh2 e5 41. f4 Re6 42. f5 Red6 43. Qc4 Rd7 44. Qe4 Qe7 45. Rg6 Rb5 46. b4 Rbd5 47. Qg4 Qf7 48. Bxh6 Kg8 49. Re3 Rd3 50. Rxd3 Rxd3 51. Qe4 Qd5 52. Qh4 Qf7 53. c4 Rd4 54. Qg3 Rxc4 55. Bd2 Rd4 56. Bc3 Rd7 57. h4 Nd6 58. Qf3 Nb5 59. Be1 Qd5 60. Qg4 Nd4 61. h5 Kf8 62. h6 gxh6 63. Rxf6+ Rf7 64. Rxh6 Nxf5 65. Rh8+ Ke7 66. Bh4+ Nxh4 67. Qxh4+ Rf6 68. Rh7+ Ke6 69. Qg4+ 1-0

[Event "Titled Tuesday intern op 13th Jun Early"]
[Site "Chess.com INT"]
[Date "2023.06.13"]
[Round "5"]
[White "Darini, Pouria"]
[Black "Sviridov, Valery"]
[Result "0-1"]
[WhiteElo "2401"]
[BlackElo "2550"]
[PlyCount "68"]
[EventDate "2023.06.13"]
[EventType "swiss (blitz)"]
[EventRounds "11"]
[EventCountry "USA"]
[SourceTitle "EXT 2024"]
[Source "ChessBase"]
[SourceDate "2023.10.10"]
[SourceVersion "1"]
[SourceVersionDate "2023.10.10"]
[SourceQuality "1"]

1. e4 Nf6 2. Nc3 d6 3. d4 c6 4. a4 Nbd7 5. Nf3 e5 6. Bc4 Be7 7. 0-0 0-0 8. a5 Qc7 9. Re1 Rb8 10. h3 b5 11. axb6 axb6 12. Bf1 b5 13. b4 Re8 14. Bb2 Bf8 15. d5 Bb7 16. dxc6 Bxc6 17. Nd2 d5 18. exd5 Nxd5 19. Nxd5 Bxd5 20. c3 Red8 21. Ra5 Bc6 22. Qc2 Nf6 23. Nb3 h6 24. Raa1 Nd5 25. Na5 Ba8 26. Rac1 Nf4 27. Red1 Re8 28. Qf5 Re6 29. c4 Bxb4 30. Nb3 g6 31. Qg4 h5 32. Qg5 Be7 33. cxb5 Qxc1 34. Qxe7 Qxd1 0-1

[Event "Titled Tuesday intern op 13th Jun Late"]
[Site "Chess.com INT"]
[Date "2023.06.13"]
[Round "6"]
[White "Najer, Evgeniy"]
[Black "Sviridov, Valery"]
[Result "1-0"]
[WhiteElo "2646"]
[BlackElo "2550"]
[PlyCount "77"]
[EventDate "2023.06.13"]
[EventType "swiss (blitz)"]
[EventRounds "11"]
[EventCountry "USA"]
[SourceTitle "EXT 2024"]
[Source "ChessBase"]
[SourceDate "2023.10.10"]
[SourceVersion "1"]
[SourceVersionDate "2023.10.10"]
[SourceQuality "1"]

1. d4 g6 2. e4 Bg7 3. Nc3 d6 4. Be3 a6 5. Nf3 b5 6. Bd3 Bb7 7. e5 e6 8. Be4 d5 9. Bd3 Nd7 10. Ne2 c5 11. c3 Ne7 12. Ng3 h6 13. 0-0 Qc7 14. a4 c4 15. Bc2 Nc6 16. axb5 axb5 17. Rxa8+ Bxa8 18. Qd2 Bb7 19. h4 b4 20. Nh2 b3 21. Bb1 h5 22. Bg5 Bf8 23. Ne2 Nb6 24. Nf4 Kd7 25. Bf6 Rg8 26. Nf3 Kc8 27. Ng5 Kb8 28. Ngxe6 fxe6 29. Nxe6 Qf7 30. Nxf8 Rxf8 31. Qg5 Rg8 32. Re1 Bc8 33. e6 Bxe6 34. Be5+ Kb7 35. Bg3 Bf5 36. Qf4 Rf8 37. Bxf5 Qxf5 38. Qc7+ Ka6 39. Qxc6 1-0

[Event "Titled Tuesday intern op 13th Jun Late"]
[Site "Chess.com INT"]
[Date "2023.06.13"]
[Round "11"]
[White "Nihal, Sarin"]
[Black "Sviridov, Valery"]
[Result "1-0"]
[WhiteElo "2681"]
[BlackElo "2550"]
[PlyCount "99"]
[EventDate "2023.06.13"]
[EventType "swiss (blitz)"]
[EventRounds "11"]
[EventCountry "USA"]
[SourceTitle "EXT 2024"]
[Source "ChessBase"]
[SourceDate "2023.10.10"]
[SourceVersion "1"]
[SourceVersionDate "2023.10.10"]
[SourceQuality "1"]

1. e4 e5 2. Nf3 Nc6 3. Bb5 Nge7 4. Nc3 g6 5. d4 exd4 6. Nd5 Bg7 7. Bg5 h6 8. Bf6 Bxf6 9. Nxf6+ Kf8 10. 0-0 Kg7 11. Nd5 d6 12. Bxc6 Nxc6 13. Nxd4 Re8 14. Re1 Be6 15. Nxc6 bxc6 16. Qd4+ f6 17. Nf4 Bf7 18. b3 c5 19. Qc3 a5 20. Rad1 Qe7 21. f3 a4 22. Nd3 axb3 23. axb3 g5 24. Ra1 Bg6 25. b4 cxb4 26. Nxb4 Bf7 27. Nc6 Qd7 28. Nd4 Bg6 29. Rxa8 Rxa8 30. Qxc7 Qxc7 31. Ne6+ Kg8 32. Nxc7 Rc8 33. Nd5 Rxc2 34. Nxf6+ Kg7 35. Ng4 Rd2 36. Ne3 h5 37. Rd1 Rxd1+ 38. Nxd1 Kf6 39. Kf2 Bf7 40. Nc3 Ke5 41. Ke3 h4 42. Nd1 d5 43. Nf2 d4+ 44. Kd3 Ba2 45. Nh3 Bb1+ 46. Kd2 g4 47. fxg4 Bxe4 48. g3 hxg3 49. hxg3 Bf3 50. Nf2 1-0